书目信息 |
| 题名: |
行政诉讼
|
|
| 作者: | 张锋 本册作者 | |
| 分册: | ||
| 出版信息: | 北京 法律出版社 2004.05 |
|
| 页数: | 285页 | |
| 开本: | 23cm | |
| 丛书名: | 中国律师·办案全程实录 | |
| 单 册: | ||
| 中图分类: | D925.305 | |
| 科图分类: | ||
| 主题词: | 行政诉讼法--xing zheng su song fa--案例--分析--中国 | |
| 电子资源: | ||
| ISBN: | 7-5036-4664-0 | |
| 000 | 00921nam 2200253 450 | |
| 001 | 012006529109 | |
| 005 | 20060920092528.70 | |
| 010 | @a7-5036-4664-0@dCNY28.00 | |
| 100 | @a20060617d2004 km y0chiy0120 ea | |
| 101 | 0 | @achi |
| 102 | @aCN@b110000 | |
| 105 | @ay a 000yy | |
| 200 | 1 | @a行政诉讼@Axing zheng su song@f张锋本册作者@Fzhang feng ben ce zuo zhe |
| 210 | @a北京@c法律出版社@d2004.05 | |
| 215 | @a285页@d23cm | |
| 225 | 2 | @a中国律师·办案全程实录@Azhong guo lu shi·ban an quan cheng shi lu@v2 |
| 320 | @a有书目。 | |
| 330 | @a本书以行政诉讼典型个案的代理过程为主线,全程再现了律师办案每一步骤和细节,通过真实案件的展现,传授了处理相关法律业务之“经验”。 | |
| 410 | 0 | @12001 @a中国律师·办案全程实录 |
| 606 | 0 | @a行政诉讼法@Axing zheng su song fa@x案例@x分析@y中国 |
| 690 | @aD925.305@v4 | |
| 701 | 0 | @a张锋@Azhang feng@4本册作者 |
| 801 | 0 | @aCN@bQSSK@c20060920 |
| 905 | @a10447@dD925.305@eZ102 | |
| 行政诉讼/张锋本册作者.-北京:法律出版社,2004.05 |
| 285页;23cm.-(中国律师·办案全程实录;2) |
| ISBN 7-5036-4664-0:CNY28.00 |
| 本书以行政诉讼典型个案的代理过程为主线,全程再现了律师办案每一步骤和细节,通过真实案件的展现,传授了处理相关法律业务之“经验”。 |
| ● |
| 相关链接 |
|
|
|
正题名:行政诉讼
索取号:D925.305/Z102
 
预约/预借
| 序号 | 登录号 | 条形码 | 馆藏地/架位号 | 状态 | 备注 |
| 1 | 588586 | 205885862 | 社科库509/509社科库 102排1列6层/ [索取号:D925.305/Z102] | 在馆 | |
| 2 | 588587 | 205885871 | 社科库509/509社科库 102排1列6层/ [索取号:D925.305/Z102] | 在馆 | |
| 3 | 588588 | 205885880 | 社科库509/509社科库 102排1列6层/ [索取号:D925.305/Z102] | 在馆 |